| 000 | 00559nam a2200157Ia 4500 | ||
|---|---|---|---|
| 008 | 220217s9999 xx 000 0 und d | ||
| 245 | 0 | _aMethods of testing vulcanized rubber. Part A 50. Determination of temperature rise and resistance to fatigue in flexometer testing (Compression flexometer). | |
| 260 | _c1984 | ||
| 500 | _aStandard number: BS 903 Part A 50 ISO 4666/3; 1982 | ||
| 650 | _aCompression flexometer | ||
| 650 | _aFatigue resistance | ||
| 650 | _aFlexometer testing | ||
| 650 | _aTemperature | ||
| 650 | _aVulcanized rubber | ||
| 942 | _cST | ||
| 999 |
_c73197 _d73197 |
||